La estafeta del dios Momo / (Record no. 137063)

MARC details
000 -LEADER
campo de control de longitud fija 00652nam a2200181 4500
001 - NÚMERO DE CONTROL
campo de control 137063
003 - IDENTIFICADOR DE NÚMERO DE CONTROL
campo de control ES-MaACL
005 - FECHA Y HORA DE LA ÚLTIMA TRANSACCIÓN
campo de control 20250930063123.0
007 - CAMPO FIJO DE DESCRIPCIÓN FÍSICA--INFORMACIÓN GENERAL
campo de control de longitud fija t|
008 - DATOS DE LONGITUD FIJA--INFORMACIÓN GENERAL
campo de control de longitud fija 070214s1968 xxu r ||||1| spa d
100 1# - ENTRADA PRINCIPAL--NOMBRE DE PERSONA
Nombre de persona Salas Barbadillo, Alonso Jerónimo de,
Fechas asociadas al nombre 1581-1635
9 (RLIN) 101754
245 13 - MENCIÓN DEL TÍTULO
Título La estafeta del dios Momo /
Mención de responsabilidad, etc. por Alonso J. Salas Barbadillo ; edición e introducción... Alfredo Rodríguez.
260 ## - PUBLICACIÓN, DISTRIBUCIÓN, ETC.
Lugar de publicación, distribución, etc. New York :
Nombre del editor, distribuidor, etc. Las Américas Publishing Company,
Fecha de publicación, distribución, etc. 1968.
300 ## - DESCRIPCIÓN FÍSICA
Extensión 204 p. ;
Dimensiones 19 cm.
700 1# - ENTRADA AGREGADA--NOMBRE PERSONAL
Nombre de persona Rodríguez López-Vázquez, Alfredo,
Fechas asociadas al nombre 1932-
9 (RLIN) 98618
852 ## - LOCALIZACIÓN
Ubicación ES-MaACL
Número de control de estantería C-35824
Sublocalización o colección R.69371
Holdings
Estatus retirado Estado de pérdida Estado de daño No para préstamo Biblioteca de origen Biblioteca actual Ubicación en estantería Fecha de adquisición Fuente de adquisición Total de préstamos Signatura topográfica completa Código de barras Visto por última vez Precio de reemplazo Tipo de ítem Koha
        Biblioteca del Ateneo de Madrid Biblioteca del Ateneo de Madrid Depósito 2 17/01/2008     C-35824 1142636 23/02/2023 23/02/2023 Libro impreso